Psicosis y psicoanálisis
Salvato in:
| Autori principali: | , , , , , , , , , , |
|---|---|
| Natura: | Libro |
| Lingua: | spagnolo |
| Pubblicazione: |
Buenos Aires
Manantial
1985
|
| Serie: | Colección Quehacer del Psicoanalista
|
| Soggetti: | |
| Tags: |
Aggiungi Tag
Nessun Tag, puoi essere il primo ad aggiungerne!!
|
MARC
| LEADER | 00000nam a2200000 a 4500 | ||
|---|---|---|---|
| 001 | UCO0063 | ||
| 003 | CL-VaPUC | ||
| 008 | 000407e19850000AG |||||||||||||||||spa|d | ||
| 082 | 0 | 4 | |a 616.89 |b BRO |2 21 |
| 100 | 0 | |a Broca, R |e author |9 441034 | |
| 700 | 0 | |a Clastres, G |e author |9 441035 | |
| 700 | 0 | |a Gorog, F |e author |9 441036 | |
| 700 | 0 | |a Laurent, E |e author |9 441037 | |
| 700 | 0 | |a Leguil, F |e author |9 441038 | |
| 700 | 0 | |a Miller, A |e author |9 441039 | |
| 700 | 0 | |a Rabinovich, Diana S |e author |9 441040 | |
| 700 | 0 | |a Silvestre, D |e author |9 441041 | |
| 700 | 0 | |a Soler, Colette |e author |9 441042 | |
| 700 | 0 | |a Susini, M. L |e author |9 441043 | |
| 700 | 0 | |a Torrisi, J |e author |9 441044 | |
| 245 | 1 | 0 | |a Psicosis y psicoanálisis |
| 300 | |a 157 p | ||
| 942 | |c BK | ||
| 945 | |d 20000407 00:00:00 |a rbrito | ||
| 260 | |a Buenos Aires |b Manantial |c 1985 | ||
| 650 | 0 | |a Psiquiatría |9 308427 | |
| 650 | 0 | |a Depresión |9 334267 | |
| 650 | 0 | |a Esquizofrenia |9 312163 | |
| 650 | 0 | |a Psicoanálisis |9 265702 | |
| 583 | |a last modification |c 20000407 00:00:00 |k Rodrigo Vera | ||
| 490 | 0 | |a Colección Quehacer del Psicoanalista | |
| 999 | |c 286785 |d 286783 | ||
| 952 | |0 0 |1 0 |4 0 |6 616_890000000000000_BRO_1985 |7 0 |8 A |9 332917 |a BIBEDU |b BIBEDU |d 2019-11-20 |i 3612724 |o 616.89 BRO 1985 |p 3612724 |r 2019-11-20 |w 2019-11-20 |y BK |k PSI | ||